[Event "Hessen-ch U14"]
[Site "Bad Homburg"]
[Date "2012.??.??"]
[Round "8"]
[White "Sterf, Julian"]
[Black "Mueller, Michael8888"]
[Result "1/2-1/2"]
[WhiteElo "1022"]
[BlackElo "1015"]
[PlyCount "24"]
[EventDate "2012.04.??"]
[EventType "swiss"]
[EventRounds "9"]
[EventCountry "GER"]
[SourceTitle "EXT 2015"]
[Source "ChessBase"]
[SourceDate "2014.11.20"]
[SourceVersion "1"]
[SourceVersionDate "2014.11.20"]
[SourceQuality "1"]

1. e4 e5 2. Nf3 Nc6 3. Bc4 Bc5 4. c3 Nf6 5. d4 exd4 6. e5 Ng4 7. Ng5 d5 8. exd6 0-0 9. dxc7 Qxc7 10. h3 Qe7+ 11. Qe2 Qxe2+ 12. Bxe2 Nf6 1/2-1/2

[Event "Hessen-ch U14"]
[Site "Bad Homburg"]
[Date "2012.??.??"]
[Round "7"]
[White "Sterf, Julian"]
[Black "Mueller, Tobias"]
[Result "1/2-1/2"]
[WhiteElo "1022"]
[BlackElo "973"]
[PlyCount "47"]
[EventDate "2012.04.??"]
[EventType "swiss"]
[EventRounds "9"]
[EventCountry "GER"]
[SourceTitle "EXT 2015"]
[Source "ChessBase"]
[SourceDate "2014.11.20"]
[SourceVersion "1"]
[SourceVersionDate "2014.11.20"]
[SourceQuality "1"]

1. e4 c5 2. c3 d6 3. d4 Nc6 4. Bb5 Bd7 5. Nf3 a6 6. Ba4 b5 7. Bb3 e6 8. 0-0 Be7 9. Be3 c4 10. Bc2 Nf6 11. Nbd2 0-0 12. Re1 Qc7 13. Bf4 e5 14. Bg3 Bg4 15. d5 Nd8 16. a4 Rb8 17. axb5 axb5 18. Bh4 Nb7 19. Bxf6 Bxf6 20. h3 Bh5 21. Qc1 Nc5 22. Qb1 h6 23. Qc1 Nb7 24. Rb1 1/2-1/2